[Event "HUN-chT2 Barcza 0506"]
[Site "Hungary"]
[Date "2006.04.09"]
[Round "10"]
[White "Farkas, Lajos1111"]
[Black "Veress, Lajos"]
[Result "1-0"]
[WhiteElo "2031"]
[BlackElo "2107"]
[PlyCount "61"]
[EventDate "2005.10.16"]
[EventType "team"]
[EventRounds "11"]
[EventCountry "HUN"]
[SourceTitle "EXT 2009"]
[Source "ChessBase"]
[SourceDate "2008.11.26"]
[SourceVersion "1"]
[SourceVersionDate "2008.11.26"]
[SourceQuality "1"]
[WhiteTeam "Debrecen Betu"]
[BlackTeam "Szabolcs Volan"]
[WhiteTeamCountry "HUN"]
[BlackTeamCountry "HUN"]

1. d4 d5 2. c4 e6 3. Nc3 c6 4. e3 Nf6 5. Nf3 Nbd7 6. Be2 dxc4 7. Bxc4 b5 8. Be2 Qc7 9. Qc2 b4 10. Na4 Bb7 11. b3 Be7 12. Bb2 0-0 13. Rc1 c5 14. 0-0 Be4 15. Qd1 Ng4 16. g3 Bc6 17. Nxc5 Nxc5 18. dxc5 Rfd8 19. Qc2 e5 20. Rfd1 Bf6 21. Ne1 h5 22. Rd6 Be7 23. Rxc6 Qxc6 24. Bf3 Qh6 25. Bxa8 Rxa8 26. h3 Nf6 27. Bxe5 Nd7 28. Qe4 Rc8 29. Bxg7 Qxg7 30. Qxe7 Nb8 31. Nd3 1-0

[Event "HUN-chT2 Barcza 0506"]
[Site "Hungary"]
[Date "2005.12.04"]
[Round "5"]
[White "Csukas, Tibor"]
[Black "Veress, Lajos"]
[Result "0-1"]
[WhiteElo "1979"]
[BlackElo "2107"]
[PlyCount "60"]
[EventDate "2005.10.16"]
[EventType "team"]
[EventRounds "11"]
[EventCountry "HUN"]
[SourceTitle "EXT 2009"]
[Source "ChessBase"]
[SourceDate "2008.11.26"]
[SourceVersion "1"]
[SourceVersionDate "2008.11.26"]
[SourceQuality "1"]
[WhiteTeam "Pladany MAV"]
[BlackTeam "Szabolcs Volan"]
[WhiteTeamCountry "HUN"]
[BlackTeamCountry "HUN"]

1. d4 d5 2. c4 e6 3. Nf3 c6 4. cxd5 exd5 5. Nc3 Na6 6. Qb3 Qb6 7. Qxb6 axb6 8. Bg5 Nb4 9. Kd2 h6 10. Bf4 Nf6 11. a3 Ne4+ 12. Nxe4 dxe4 13. Ne1 Nd5 14. g3 g5 15. Be3 Bb4+ 16. Kd1 Nxe3+ 17. fxe3 Be6 18. Nc2 Be7 19. Bg2 f5 20. Rf1 g4 21. Kd2 h5 22. Rh1 0-0-0 23. Raf1 Kb8 24. Kc3 h4 25. h3 gxh3 26. Rxh3 f4 27. exf4 Bxh3 28. Bxh3 hxg3 29. Bg2 Rh2 30. Ne3 Bf6 0-1

[Event "HUN-chT2 Barcza 0506"]
[Site "Hungary"]
[Date "2005.10.30"]
[Round "2"]
[White "Toth, Gabor"]
[Black "Veress, Lajos"]
[Result "1/2-1/2"]
[WhiteElo "2203"]
[BlackElo "2107"]
[PlyCount "32"]
[EventDate "2005.10.16"]
[EventType "team"]
[EventRounds "11"]
[EventCountry "HUN"]
[SourceTitle "EXT 2009"]
[Source "ChessBase"]
[SourceDate "2008.11.26"]
[SourceVersion "1"]
[SourceVersionDate "2008.11.26"]
[SourceQuality "1"]
[WhiteTeam "Hajduszoboszlo"]
[BlackTeam "Szabolcs Volan"]
[WhiteTeamCountry "HUN"]
[BlackTeamCountry "HUN"]

1. c4 c5 2. Nc3 g6 3. g3 Bg7 4. Bg2 Nc6 5. Nf3 e5 6. 0-0 Nge7 7. Rb1 0-0 8. a3 a5 9. Ne1 d6 10. d3 Rb8 11. Nc2 Be6 12. b4 axb4 13. axb4 cxb4 14. Nxb4 Nxb4 15. Rxb4 d5 16. cxd5 Nxd5 1/2-1/2

[Event "Nyiregyhaza op"]
[Site "Nyiregyhaza"]
[Date "2005.07.13"]
[Round "5"]
[White "Revesz, Istvan"]
[Black "Veress, Lajos"]
[Result "1/2-1/2"]
[WhiteElo "2026"]
[BlackElo "2107"]
[PlyCount "26"]
[EventDate "2005.07.09"]
[EventType "swiss"]
[EventRounds "9"]
[EventCountry "HUN"]
[SourceTitle "EXT 2008"]
[Source "ChessBase"]
[SourceDate "2007.11.25"]
[SourceVersion "1"]
[SourceVersionDate "2007.11.25"]
[SourceQuality "1"]

1. d4 Nf6 2. Nf3 d5 3. c4 e6 4. Nc3 c6 5. e3 Nbd7 6. Bd3 dxc4 7. Bxc4 b5 8. Bd3 a6 9. e4 c5 10. d5 e5 11. b3 Qc7 12. Bb2 Rb8 13. Qc2 c4 1/2-1/2

[Event "HUN-chT2 Barcza 0405"]
[Site "Hungary"]
[Date "2005.03.06"]
[Round "9"]
[White "Kiss, Sandor1111"]
[Black "Veress, Lajos"]
[Result "1-0"]
[WhiteElo "2146"]
[BlackElo "2116"]
[PlyCount "43"]
[EventDate "2004.09.26"]
[EventType "team"]
[EventRounds "11"]
[EventCountry "HUN"]
[SourceTitle "EXT 2009"]
[Source "ChessBase"]
[SourceDate "2008.11.26"]
[SourceVersion "1"]
[SourceVersionDate "2008.11.26"]
[SourceQuality "1"]
[WhiteTeam "Tiszavasvar"]
[BlackTeam "Szabolcs Volan"]
[WhiteTeamCountry "HUN"]
[BlackTeamCountry "HUN"]

1. d4 Nf6 2. c4 e6 3. Nc3 Bb4 4. e3 c5 5. Nf3 0-0 6. Be2 d5 7. 0-0 Nc6 8. Qc2 cxd4 9. exd4 dxc4 10. Rd1 Nd5 11. Bxc4 Bxc3 12. bxc3 Nce7 13. Bd3 f5 14. Bf1 Bd7 15. c4 Rc8 16. Qb3 Nb6 17. Re1 Ba4 18. Qe3 Rf6 19. Qa3 Qd7 20. Bg5 Nxc4 21. Bxc4 Rxc4 22. Ne5 1-0

[Event "HUN-chT2 Barcza 0405"]
[Site "Hungary"]
[Date "2004.10.10"]
[Round "2"]
[White "Baranyai, Szabolcs Jr"]
[Black "Veress, Lajos"]
[Result "1/2-1/2"]
[WhiteElo "2236"]
[BlackElo "2116"]
[PlyCount "44"]
[EventDate "2004.09.26"]
[EventType "team"]
[EventRounds "11"]
[EventCountry "HUN"]
[SourceTitle "EXT 2009"]
[Source "ChessBase"]
[SourceDate "2008.11.26"]
[SourceVersion "1"]
[SourceVersionDate "2008.11.26"]
[SourceQuality "1"]
[WhiteTeam "Hajduszoboszlo"]
[BlackTeam "Szabolcs Volan"]
[WhiteTeamCountry "HUN"]
[BlackTeamCountry "HUN"]

1. e4 c5 2. b3 e6 3. Bb2 d5 4. exd5 exd5 5. d4 cxd4 6. Nf3 Bb4+ 7. Nbd2 Qe7+ 8. Be2 Bc3 9. Bxc3 dxc3 10. Nb1 Nf6 11. Nxc3 Be6 12. 0-0 Nbd7 13. Ng5 0-0 14. Nb5 Nc5 15. Nd4 Nfe4 16. Ngxe6 fxe6 17. f3 Nd6 18. Qd2 Rad8 19. Qe3 e5 20. b4 Na4 21. Nb5 a6 22. Nxd6 Qxd6 1/2-1/2

[Event "Nyiregyhaza op"]
[Site "Nyiregyhaza"]
[Date "2004.07.13"]
[Round "4"]
[White "Donka, Peter"]
[Black "Veress, Lajos"]
[Result "1-0"]
[WhiteElo "2248"]
[BlackElo "2116"]
[PlyCount "25"]
[EventDate "2004.07.10"]
[EventType "swiss"]
[EventRounds "9"]
[EventCountry "HUN"]
[SourceTitle "EXT 2008"]
[Source "ChessBase"]
[SourceDate "2007.11.25"]
[SourceVersion "1"]
[SourceVersionDate "2007.11.25"]
[SourceQuality "1"]

1. d4 Nf6 2. Bg5 Ne4 3. Bf4 c5 4. f3 Nf6 5. dxc5 Qa5+ 6. Nc3 Qxc5 7. e4 d6 8. Qd2 a6 9. g4 g6 10. g5 Nh5 11. Be3 Qa5 12. Nd5 Qd8 13. Nb6 1-0

[Event "Nyiregyhaza op"]
[Site "Nyiregyhaza"]
[Date "2004.07.12"]
[Round "3"]
[White "Veress, Lajos"]
[Black "Valko, Krisztian"]
[Result "1/2-1/2"]
[WhiteElo "2116"]
[BlackElo "2241"]
[PlyCount "85"]
[EventDate "2004.07.10"]
[EventType "swiss"]
[EventRounds "9"]
[EventCountry "HUN"]
[SourceTitle "EXT 2008"]
[Source "ChessBase"]
[SourceDate "2007.11.25"]
[SourceVersion "1"]
[SourceVersionDate "2007.11.25"]
[SourceQuality "1"]

1. Nf3 d5 2. d4 Nf6 3. c4 c6 4. Nc3 dxc4 5. a4 Bf5 6. Ne5 Nbd7 7. Nxc4 Qc7 8. e3 e5 9. dxe5 Nxe5 10. Nxe5 Qxe5 11. Qb3 Bc5 12. Qxb7 0-0 13. Be2 Rab8 14. Qxc6 Rfc8 15. Qf3 Bb4 16. Bd2 Bxc3 17. bxc3 Ne4 18. Rd1 Rd8 19. Qf4 Qa5 20. Bb5 Nxd2 21. Rxd2 Qxc3 22. 0-0 Qxd2 23. Qxf5 Rbc8 24. h4 g6 25. Qf4 Qd6 26. Qg4 h5 27. Qe4 a6 28. Bc4 Re8 29. Qc2 Rc6 30. Qb3 Qf6 31. Rd1 Rec8 32. Rd4 Kg7 33. Rf4 Qa1+ 34. Kh2 f5 35. Rd4 R8c7 36. Qb4 a5 37. Qb5 Qc3 38. Qe5+ Kh6 39. Qh8+ Rh7 40. Qf8+ Rg7 41. Rd7 Rc8 42. Qxc8 Rxd7 43. Qxd7 1/2-1/2

[Event "Nyiregyhaza op"]
[Site "Nyiregyhaza"]
[Date "2003.07.06"]
[Round "2"]
[White "Szeberenyi, Adam"]
[Black "Veress, Lajos"]
[Result "1-0"]
[WhiteElo "2385"]
[BlackElo "2165"]
[PlyCount "50"]
[EventDate "2003.07.05"]
[EventType "swiss"]
[EventRounds "9"]
[EventCountry "HUN"]
[SourceTitle "EXT 2005"]
[Source "ChessBase"]
[SourceDate "2004.11.15"]
[SourceVersion "1"]
[SourceVersionDate "2004.11.15"]
[SourceQuality "1"]

1. d4 Nf6 2. Nf3 d5 3. c4 e6 4. Nc3 c6 5. e3 Nbd7 6. Qc2 Bd6 7. Bd3 0-0 8. 0-0 dxc4 9. Bxc4 e5 10. Bb3 Qe7 11. Bd2 h6 12. Nh4 Nb6 13. Ng6 Qc7 14. Nxf8 Kxf8 15. dxe5 Bxe5 16. f4 Bd6 17. h3 Qe7 18. Rae1 Bc5 19. Kh1 Bd7 20. e4 Nh5 21. Rf3 Qh4 22. Ne2 Bf2 23. Rf1 Bg3 24. Bb4+ Kg8 25. Qc3 Bg4 1-0

[Event "HUN-chT2 Barcza 0203"]
[Site "Hungary"]
[Date "2003.04.06"]
[Round "10"]
[White "Veress, Lajos"]
[Black "Filep, Tibor"]
[Result "1-0"]
[WhiteElo "2105"]
[BlackElo "2244"]
[PlyCount "63"]
[EventDate "2002.09.22"]
[EventType "team"]
[EventRounds "11"]
[EventCountry "HUN"]
[SourceTitle "EXT 2009"]
[Source "ChessBase"]
[SourceDate "2008.11.26"]
[SourceVersion "1"]
[SourceVersionDate "2008.11.26"]
[SourceQuality "1"]

1. Nf3 Nf6 2. d4 g6 3. c4 Bg7 4. g3 0-0 5. Bg2 d6 6. 0-0 Nc6 7. Nc3 a6 8. b3 Rb8 9. Bd2 Bg4 10. d5 Na5 11. h3 Bd7 12. Qc2 c5 13. a4 e5 14. e4 b6 15. Ne2 Nb7 16. Rae1 Ne8 17. Nc1 f5 18. Kh2 Nf6 19. exf5 gxf5 20. Ng5 Qe7 21. Nd3 h6 22. Ne6 Bxe6 23. dxe6 Qxe6 24. Nf4 Qd7 25. Ng6 Rfe8 26. Nh4 Nd8 27. Nxf5 Nf7 28. g4 Re6 29. f4 Rbe8 30. g5 Nh5 31. Nxg7 Nxg7 32. f5 1-0

[Event "HUN-chT2 Barcza 0203"]
[Site "Hungary"]
[Date "2003.03.02"]
[Round "8"]
[White "Vanczak, Attila"]
[Black "Veress, Lajos"]
[Result "1/2-1/2"]
[WhiteElo "2230"]
[BlackElo "2105"]
[PlyCount "80"]
[EventDate "2002.09.22"]
[EventType "team"]
[EventRounds "11"]
[EventCountry "HUN"]
[SourceTitle "EXT 2009"]
[Source "ChessBase"]
[SourceDate "2008.11.26"]
[SourceVersion "1"]
[SourceVersionDate "2008.11.26"]
[SourceQuality "1"]

1. d4 Nf6 2. Nf3 d5 3. c4 e6 4. e3 c6 5. Bd3 Nbd7 6. 0-0 Bd6 7. b3 e5 8. Bf5 e4 9. Ne1 Nf8 10. Bxc8 Qxc8 11. Ba3 Bxa3 12. Nxa3 Ng6 13. f4 exf3 14. gxf3 0-0 15. Ng2 Qh3 16. Qe1 Rae8 17. Qg3 Qf5 18. Rae1 Nh5 19. Qf2 Qg5 20. e4 Ngf4 21. Kh1 Qe7 22. Nxf4 Nxf4 23. Qd2 Qxa3 24. Qxf4 Qxa2 25. Rg1 Re6 26. cxd5 cxd5 27. exd5 Rxe1 28. Rxe1 Qxb3 29. d6 Qb5 30. Kg2 Re8 31. Re7 Rxe7 32. dxe7 Qe2+ 33. Kg3 Qxe7 34. Qb8+ Qf8 35. Qxb7 Qd6+ 36. Kg2 Qg6+ 37. Kf2 Qc2+ 38. Kg3 Qg6+ 39. Kf2 h5 40. Qxa7 Qc2+ 1/2-1/2

[Event "HUN-chT2 Barcza 0203"]
[Site "Hungary"]
[Date "2003.02.16"]
[Round "7"]
[White "Veress, Lajos"]
[Black "Gaal, Attila"]
[Result "0-1"]
[WhiteElo "2105"]
[BlackElo "2045"]
[PlyCount "78"]
[EventDate "2002.09.22"]
[EventType "team"]
[EventRounds "11"]
[EventCountry "HUN"]
[SourceTitle "EXT 2009"]
[Source "ChessBase"]
[SourceDate "2008.11.26"]
[SourceVersion "1"]
[SourceVersionDate "2008.11.26"]
[SourceQuality "1"]

1. Nf3 d6 2. d4 Nf6 3. c4 g6 4. g3 Bg7 5. Bg2 0-0 6. 0-0 Na6 7. Nc3 c5 8. h3 cxd4 9. Nxd4 Nc5 10. b3 a6 11. Bb2 Rb8 12. e4 e5 13. Nc2 b5 14. cxb5 axb5 15. b4 Ne6 16. Qe2 Nh5 17. Ne3 Nd4 18. Qd3 f5 19. Ncd5 fxe4 20. Qxe4 Ne6 21. Ng4 Bb7 22. Qe2 Kh8 23. Rfd1 Bxd5 24. Rxd5 Qb6 25. Qe4 Nd4 26. Bxd4 exd4 27. Qd3 Rf5 28. Rxf5 gxf5 29. Qxf5 Nxg3 30. fxg3 d3+ 31. Kh2 Bxa1 32. Be4 Qa7 33. Bxd3 Qg7 34. h4 Rf8 35. Qh5 Qf7 36. Qh6 Rg8 37. Kh3 Qg7 38. Qh5 Be5 39. Bxb5 Qb7 0-1

[Event "HUN-chT2 Barcza 0203"]
[Site "Hungary"]
[Date "2002.09.22"]
[Round "1"]
[White "Lengyel, Ferenc"]
[Black "Veress, Lajos"]
[Result "1/2-1/2"]
[WhiteElo "2267"]
[BlackElo "2105"]
[PlyCount "78"]
[EventDate "2002.09.22"]
[EventType "team"]
[EventRounds "11"]
[EventCountry "HUN"]
[SourceTitle "EXT 2009"]
[Source "ChessBase"]
[SourceDate "2008.11.26"]
[SourceVersion "1"]
[SourceVersionDate "2008.11.26"]
[SourceQuality "1"]

1. Nf3 d5 2. d4 Nf6 3. c4 e6 4. Nc3 c6 5. e3 Nbd7 6. Bd3 dxc4 7. Bxc4 b5 8. Bd3 a6 9. e4 c5 10. e5 cxd4 11. Nxb5 Nxe5 12. Nxe5 axb5 13. Bxb5+ Bd7 14. Nxd7 Qa5+ 15. Bd2 Qxb5 16. Nxf8 Kxf8 17. b3 Nd5 18. a4 Qd3 19. Qb1 Qxb1+ 20. Rxb1 Ke7 21. Ke2 e5 22. Kd3 Rhd8 23. Rhc1 Rd6 24. Rc5 f5 25. f3 Kf6 26. a5 Re8 27. Re1 f4 28. b4 Ne3 29. Re2 g5 30. h3 h5 31. b5 g4 32. hxg4 hxg4 33. Rc6 Rxc6 34. bxc6 Nxg2 35. Rxg2 gxf3 36. Rf2 Re6 37. Ke4 Rxc6 38. Rxf3 Rc2 39. Bxf4 exf4 1/2-1/2

[Event "Piremon Nyirsegi Torna op"]
[Site "Nyiregyhaza"]
[Date "2002.07.05"]
[Round "7"]
[White "Veress, Lajos"]
[Black "Panchenko, Alexandar G"]
[Result "0-1"]
[WhiteElo "2105"]
[BlackElo "2390"]
[PlyCount "128"]
[EventDate "2002.06.29"]
[EventType "swiss"]
[EventRounds "9"]
[EventCountry "HUN"]
[SourceTitle "EXT 2004"]
[Source "ChessBase"]
[SourceDate "2003.11.25"]
[SourceVersion "1"]
[SourceVersionDate "2003.11.25"]
[SourceQuality "1"]

1. e4 Nf6 2. e5 Nd5 3. d4 d6 4. Nf3 Bg4 5. Be2 Nc6 6. c4 Nb6 7. exd6 exd6 8. d5 Bxf3 9. Bxf3 Ne5 10. Be2 g6 11. 0-0 Bg7 12. Be3 0-0 13. Nd2 Re8 14. Qb3 Ned7 15. Nf3 Nc5 16. Qc2 Nbd7 17. Rad1 Qe7 18. Rfe1 Qf8 19. Nd4 a6 20. b4 Ne4 21. Bf3 Nef6 22. g3 h5 23. h3 Nh7 24. c5 dxc5 25. Nb3 c4 26. Nc5 Ne5 27. Bg2 c3 28. Nxb7 Nc4 29. Bc5 Nd6 30. Na5 Rxe1+ 31. Rxe1 Re8 32. Rd1 Qe7 33. Kf1 Qd7 34. Nc6 Ng5 35. Bxd6 Qxd6 36. h4 Nh7 37. a3 Nf8 38. Bf3 Nd7 39. Nd4 c5 40. dxc6 Bxd4 41. cxd7 Qxd7 42. Kg2 Qa7 43. Qd3 Rc8 44. Bd5 Kg7 45. Qe2 Bf6 46. Bb3 Rc7 47. Bc2 Re7 48. Qf3 Qb6 49. Rd3 a5 50. bxa5 Qxa5 51. a4 Qb4 52. Qd5 Re5 53. Qc6 Re6 54. Qd5 Qb2 55. Qb3 Rb6 56. Qc4 Rb4 57. Qc6 Rb6 58. Qc4 Rb4 59. Qc6 Qxc2 60. Rf3 Be7 61. Qe8 Bf6 62. Qc6 Be5 63. Qe8 Qe4 64. Qxf7+ Kh6 0-1

[Event "Piremon Nyirsegi Torna op"]
[Site "Nyiregyhaza"]
[Date "2002.07.04"]
[Round "6"]
[White "Korpas, Zoltan"]
[Black "Veress, Lajos"]
[Result "0-1"]
[WhiteElo "2148"]
[BlackElo "2105"]
[PlyCount "120"]
[EventDate "2002.06.29"]
[EventType "swiss"]
[EventRounds "9"]
[EventCountry "HUN"]
[SourceTitle "EXT 2004"]
[Source "ChessBase"]
[SourceDate "2003.11.25"]
[SourceVersion "1"]
[SourceVersionDate "2003.11.25"]
[SourceQuality "1"]

1. e4 c5 2. b3 d6 3. Bb2 Nc6 4. Bb5 Bd7 5. Ne2 e6 6. 0-0 Nf6 7. d3 Be7 8. Nd2 0-0 9. Ng3 Nd4 10. Bxd7 Qxd7 11. f4 g6 12. Nf3 Ng4 13. Nxd4 Ne3 14. Qe2 Nxf1 15. Rxf1 cxd4 16. Bxd4 f5 17. Qe3 Bf6 18. e5 dxe5 19. fxe5 Bd8 20. Kh1 Bb6 21. Ne2 Rfd8 22. c3 Bxd4 23. Nxd4 Rac8 24. Qe1 a6 25. h3 Rc7 26. Rf3 Kg7 27. g4 Qe7 28. gxf5 gxf5 29. Rg3+ Kh8 30. Ne2 Rg8 31. Rxg8+ Kxg8 32. Qg1+ Kh8 33. Qg3 Qe8 34. Kh2 Rg7 35. Qf3 Qg6 36. Qf2 f4 37. Nxf4 Qg5 38. Qe3 Rf7 39. Ng2 Qxe3 40. Nxe3 Rf3 41. Nc4 Rxd3 42. Nd6 Rxc3 43. Nxb7 Rc2+ 44. Kg3 Rxa2 45. Nc5 Ra5 46. b4 Rb5 47. Nxa6 Rxe5 48. Nc5 Kg7 49. Kf4 Rf5+ 50. Ke4 Kf7 51. Nd3 Rh5 52. Nf4 Rb5 53. Nd3 Kf6 54. Kd4 Kf5 55. Kc4 Rb8 56. b5 e5 57. Nc5 e4 58. Nd7 Rd8 59. Nc5 e3 60. Nd3 e2 0-1

[Event "Piremon Nyirsegi Torna op"]
[Site "Nyiregyhaza"]
[Date "2002.07.02"]
[Round "4"]
[White "Veress, Lajos"]
[Black "Egri, Laszlo"]
[Result "1-0"]
[WhiteElo "2105"]
[BlackElo "2190"]
[PlyCount "101"]
[EventDate "2002.06.29"]
[EventType "swiss"]
[EventRounds "9"]
[EventCountry "HUN"]
[SourceTitle "EXT 2004"]
[Source "ChessBase"]
[SourceDate "2003.11.25"]
[SourceVersion "1"]
[SourceVersionDate "2003.11.25"]
[SourceQuality "1"]

1. Nf3 Nf6 2. d4 e6 3. c4 b6 4. g3 Ba6 5. Nbd2 c6 6. Bg2 d5 7. Qc2 Be7 8. 0-0 0-0 9. b3 Nbd7 10. Bb2 Rc8 11. Rfe1 c5 12. Rac1 dxc4 13. bxc4 cxd4 14. Nxd4 Nc5 15. Nc6 Qd7 16. Nxe7+ Qxe7 17. e4 e5 18. Bh3 Rcd8 19. Bf1 h5 20. Nb1 h4 21. Nc3 hxg3 22. hxg3 Bb7 23. Nd5 Bxd5 24. exd5 Nfd7 25. Qe2 Rde8 26. Bg2 f5 27. Qh5 Nd3 28. d6 Qxd6 29. Rcd1 e4 30. Rxd3 Qxd3 31. Rd1 Qc2 32. Bxg7 Qxd1+ 33. Qxd1 Kxg7 34. Qxd7+ Kg6 35. Qxa7 Rf6 36. a4 Re5 37. Qb8 Rfe6 38. Qg8+ Kf6 39. Qf8+ Kg6 40. Qg8+ Kf6 41. Qf8+ Kg6 42. Bh3 Ra5 43. Kh2 Rf6 44. Qg8+ Kh6 45. Qh8+ Kg6 46. Kg2 Rc5 47. Qe8+ Kh6 48. f4 exf3+ 49. Kxf3 f4 50. gxf4 Ra5 51. Bd7 1-0

[Event "HUN-chT3 0102"]
[Site "Hungary"]
[Date "2001.12.02"]
[Round "4.3"]
[White "Konya, Laszlo"]
[Black "Veress, Lajos"]
[Result "1/2-1/2"]
[WhiteElo "2131"]
[BlackElo "2127"]
[PlyCount "20"]
[EventDate "2001.09.30"]
[EventType "team"]
[EventRounds "11"]
[EventCountry "HUN"]
[SourceTitle "EXT 2004"]
[Source "ChessBase"]
[SourceDate "2003.11.25"]
[SourceVersion "1"]
[SourceVersionDate "2003.11.25"]
[SourceQuality "1"]

1. d4 Nf6 2. Nf3 d5 3. g3 Bf5 4. Bg2 e6 5. 0-0 Bd6 6. c4 c6 7. Qb3 Qc8 8. Nc3 0-0 9. Bg5 Ne4 10. Rac1 dxc4 1/2-1/2

[Event "Nyiregyhaza op"]
[Site "Nyiregyhaza"]
[Date "2001.07.13"]
[Round "7"]
[White "Pozsonyi, Istvan"]
[Black "Veress, Lajos"]
[Result "0-1"]
[WhiteElo "2090"]
[BlackElo "2127"]
[PlyCount "74"]
[EventDate "2001.07.07"]
[EventType "swiss"]
[EventRounds "9"]
[EventCountry "HUN"]
[SourceTitle "EXT 2008"]
[Source "ChessBase"]
[SourceDate "2007.11.25"]
[SourceVersion "1"]
[SourceVersionDate "2007.11.25"]
[SourceQuality "1"]

1. d4 Nf6 2. c4 e6 3. Nc3 Bb4 4. Qc2 c5 5. dxc5 0-0 6. Bg5 Na6 7. a3 Bxc3+ 8. Qxc3 Nxc5 9. f3 Nfe4 10. Bxd8 Nxc3 11. Be7 Nb3 12. Bxf8 Kxf8 13. Rd1 Nxd1 14. Kxd1 b6 15. Kc2 Nd4+ 16. Kc3 Nf5 17. Kd2 Ba6 18. e4 Ne7 19. Bd3 Rc8 20. b3 d5 21. cxd5 Bxd3 22. d6 Bf1 23. dxe7+ Kxe7 24. h4 Bxg2 25. Rh2 Bf1 26. h5 e5 27. h6 gxh6 28. Rxh6 Rg8 29. Nh3 Rg3 30. Nf2 Rxf3 31. Ng4 Rxb3 32. Nxe5 Rxa3 33. Rxh7 Bg2 34. Nc6+ Ke8 35. Rh8+ Kd7 36. Ne5+ Ke7 37. Nc4 Ra4 0-1

[Event "Nyiregyhaza op"]
[Site "Nyiregyhaza"]
[Date "2001.07.12"]
[Round "6"]
[White "Veress, Lajos"]
[Black "Mate, Balazs"]
[Result "0-1"]
[WhiteElo "2127"]
[BlackElo "2165"]
[PlyCount "48"]
[EventDate "2001.07.07"]
[EventType "swiss"]
[EventRounds "9"]
[EventCountry "HUN"]
[SourceTitle "EXT 2008"]
[Source "ChessBase"]
[SourceDate "2007.11.25"]
[SourceVersion "1"]
[SourceVersionDate "2007.11.25"]
[SourceQuality "1"]

1. Nf3 Nf6 2. d4 d6 3. g3 Nbd7 4. Bg2 e5 5. c4 c6 6. d5 cxd5 7. cxd5 Qa5+ 8. Nc3 Nb6 9. Nd2 Nfxd5 10. Nxd5 Nxd5 11. 0-0 Nf6 12. Nc4 Qc7 13. Ne3 Be7 14. b3 0-0 15. Bb2 Bd7 16. Rc1 Qb6 17. Qd2 Rac8 18. Rxc8 Rxc8 19. Rc1 Rxc1+ 20. Qxc1 Bc6 21. Nf5 Bf8 22. Qg5 Kh8 23. Ba3 Bxg2 24. Bxd6 Ne4 0-1

[Event "Nyiregyhaza op"]
[Site "Nyiregyhaza"]
[Date "2001.07.10"]
[Round "4"]
[White "Veress, Lajos"]
[Black "Kovacs, Zsolt"]
[Result "1/2-1/2"]
[WhiteElo "2127"]
[BlackElo "2269"]
[PlyCount "26"]
[EventDate "2001.07.07"]
[EventType "swiss"]
[EventRounds "9"]
[EventCountry "HUN"]
[SourceTitle "EXT 2008"]
[Source "ChessBase"]
[SourceDate "2007.11.25"]
[SourceVersion "1"]
[SourceVersionDate "2007.11.25"]
[SourceQuality "1"]

1. Nf3 Nf6 2. d4 d5 3. c4 e6 4. Nc3 Nbd7 5. cxd5 exd5 6. Bg5 Bb4 7. e3 c5 8. Bxf6 Nxf6 9. Bb5+ Bd7 10. Bxd7+ Qxd7 11. 0-0 0-0 12. Qb3 Bxc3 13. Qxc3 Ne4 1/2-1/2

[Event "HUN-chT3 0001"]
[Site "Hungary"]
[Date "2001.03.25"]
[Round "9.2"]
[White "Kovacs, Jozsef"]
[Black "Veress, Lajos"]
[Result "0-1"]
[WhiteElo "2222"]
[BlackElo "2144"]
[PlyCount "40"]
[EventDate "2000.10.29"]
[EventType "team"]
[EventRounds "11"]
[EventCountry "HUN"]
[SourceTitle "EXT 2007"]
[Source "ChessBase"]
[SourceDate "2006.11.23"]
[SourceVersion "1"]
[SourceVersionDate "2006.11.23"]
[SourceQuality "1"]

1. e4 c5 2. Nc3 Nc6 3. d3 d6 4. g3 g6 5. Be3 Bg7 6. Qd2 e6 7. Bg2 Qa5 8. Nf3 Nd4 9. 0-0 Bd7 10. Ne1 Rc8 11. Bf4 Qa6 12. Be3 b5 13. Nf3 Nxf3+ 14. Bxf3 b4 15. Nd1 h6 16. Re1 Ne7 17. c3 Nc6 18. Bg2 bxc3 19. bxc3 Ne5 20. Bf1 Nf3+ 0-1

[Event "HUN-chT3 0001"]
[Site "Hungary"]
[Date "2000.11.26"]
[Round "3.3"]
[White "Veress, Lajos"]
[Black "Nagy, Kalman"]
[Result "1-0"]
[WhiteElo "2144"]
[BlackElo "2172"]
[PlyCount "117"]
[EventDate "2000.10.29"]
[EventType "team"]
[EventRounds "11"]
[EventCountry "HUN"]
[SourceTitle "EXT 2007"]
[Source "ChessBase"]
[SourceDate "2006.11.23"]
[SourceVersion "1"]
[SourceVersionDate "2006.11.23"]
[SourceQuality "1"]

1. Nf3 g6 2. d4 Bg7 3. c4 d6 4. g3 Nc6 5. d5 Ne5 6. Nxe5 Bxe5 7. Bg2 Bg7 8. 0-0 Nf6 9. Qc2 Bd7 10. Nc3 0-0 11. h3 c5 12. e4 a6 13. a4 b5 14. axb5 axb5 15. Rxa8 Qxa8 16. cxb5 Rb8 17. Be3 Ne8 18. Rb1 Nc7 19. b4 Qa3 20. Ne2 Nxb5 21. bxc5 dxc5 22. Qxc5 Qd3 23. Re1 Kf8 24. Nf4 Qc3 25. Rc1 Qxc5 26. Rxc5 Nd6 27. Rc7 Ke8 28. Nd3 Bb5 29. Nc5 Kd8 30. Ra7 Nc8 31. Rb7 Rxb7 32. Nxb7+ Kc7 33. Nc5 Nd6 34. Bf1 Bxf1 35. Kxf1 Nc4 36. Ke2 Kd6 37. Nd3 e6 38. Bc5+ Kd7 39. dxe6+ Kxe6 40. f4 Nb2 41. Nxb2 Bxb2 42. g4 Bc1 43. Be3 Bb2 44. Kd3 Ba3 45. f5+ Ke7 46. e5 Kd7 47. Kc4 Kc6 48. Bg5 gxf5 49. gxf5 Bf8 50. Kd4 Bc5+ 51. Ke4 Bf8 52. e6 fxe6 53. fxe6 Kd6 54. Kf5 Bg7 55. Bf6 Bf8 56. Bb2 Kc7 57. Kf6 Kd8 58. Kf7 Be7 59. Bc3 1-0